000 00625nam a22001937a 4500
999 _c195838
_d195838
005 20230504133629.0
010 _aENG-136765
020 _a9789388398688
_c550.00
035 _aEN-120297
037 _bDBAD/PUB
082 _a343.09944
245 _aImplications Of Internet Marketing/
_cBy P.S Nagarajan
250 _aFirst
260 _aTamil Nadu
_bShanlax Publication
_c2019
270 _a61,66 T.P.K Main Road, Vasantha Nagar Madurai
_bTamil Nadu
_e625003
_mpublishers@shanlaxpublications.com
300 _a219p.;
_c23m(pbk)
700 _aNagarajan,P.S
_eEditor
942 _2ddc
_cEN
_h343.09944
_mIMP